Drew Mcintyre best rivals - Statistics

General Stats
  • This quiz has been taken 29 times
  • The average score is 5 of 9
Answer Stats
Hint Answer % Correct
2018-Present Roman Reigns
96%
2018-19 Seth Rollins
93%
2024-Present CM Punk
89%
2020 Brock Lesnar
81%
2020-21 Randy Orton
67%
2018-19 Dean Ambrose
44%
2019 Dolph Ziggler
30%
2019 Braun Strowman
11%
2019 Finn Balor
11%
No matching quizzes found
Score Distribution
Percent of People with Each Score
Percentile by Number Answered
Your Score History
You have not taken this quiz